000 02224nam0a2200397 4500
001 RU\NLR\BIBL_A\012703121
005 20260409064414.0
010 _a978-5-292-04699-8
_bprint
_9100
021 _aRU
_b2021-71856
_9КН-П-5698
035 _a(RuMoRGB)010842427
035 _a(NLR Aleph) 012703121
090 _a12885106
_c12885106
100 _a20220208d2021 |||y0rusy50 ca
101 0 _arus
_aeng
102 _aRU
105 _aa z 000zy
181 0 _ai
_baxxe
182 0 _an
200 1 _aФормирование жизненных компетенций в рамках преподавания иностранного языка в вузе
_eмонография
_fС. А. Шилова, Д. А. Алексеева, М. А. Исайкина [и др.]
_gСаратовский национальный исследовательский государственный университет имени Н. Г. Чернышевского
203 _aТекст
_bвизуальный
_cнепосредственный
210 _aСаратов
_cИзд-во Саратовского университета
_d2021
_eСаратов
215 _a142, [1] с.
_cил., табл.
_d21
300 _aАвт. указаны на обороте тит. с.
300 _aТекст рус., англ.
320 _aБиблиогр. в конце гл.
606 1 _aИностранные языки
_xПреподавание
_xМетодология
_92245400
_3RU\NLR\AUTH\6601578180
686 1 _aЧ486.17(0)в
701 1 _8rus
_7ca
_aШилова
_bС. А.
_gСветлана Алексеевна
_3RU\NLR\AUTH\7756386
_939318
701 1 _aАлексеева
_bД. А.
_cканд. филол. наук
_gДина Алексеевна
_9241555
_3RU\NLR\AUTH\770241611
701 1 _aИсайкина
_bМ. А.
_gМария Александровна
712 0 2 _4475
_aСаратовский национальный исследовательский государственный университет им. Н. Г. Чернышевского
_3RU\NLR\AUTH\880428088
_9520734
942 _cBOOK
980 _aNB